000
00300nam a2200121Ia 4500
005
20251222143214.0
008
251222s9999||||xx |||||||||||||| ||spa||
082
_a
370.1/M27
100
_a
Mas Trigoso, Wilfredo
245
0
_a
Hacia una PedagogĂa del Tercer Milenio
264
_b
Charry
942
_c
LIB
999
_c
13543
_d
13543